X lib reference manual

محفوظ في:
التفاصيل البيبلوغرافية
المؤلف الرئيسي: Nye, Adrian (مؤلف)
التنسيق: كتاب
اللغة:الإنجليزية
منشور في: Sebastopol O'Reilly 1993
الطبعة:3a. ed
الموضوعات:
الوسوم: إضافة وسم
لا توجد وسوم, كن أول من يضع وسما على هذه التسجيلة!

MARC

LEADER 00000nam a2200000 a 4500
001 UCY0389
003 CL-VaPUC
008 940729e19930000US |||||||||||||||||eng|d
082 0 4 |a 005.133  |b NYE  |2 21 
100 0 |a Nye, Adrian  |e author  |9 328065 
245 1 0 |a X lib reference manual 
250 |a 3a. ed 
300 |a v 
942 |c BK 
945 |d 19940729 00:00:00  |a mfernand 
260 |a Sebastopol  |b O'Reilly  |c 1993 
500 |a v.2: X11, release 4 and release 5 
650 0 |a Xlib  |9 328066 
650 0 |a Lenguajes de programación   |9 259458 
650 0 |a Computadores  |9 258188 
583 |a last modification  |c 20130307 08:01:55  |k Rodrigo Vera 
999 |c 229391  |d 229389 
952 |0 0  |1 0  |4 0  |6 005_133000000000000_NYE_1993  |7 0  |8 A  |9 230482  |a BIBING  |b BIBING  |d 2019-11-15  |h v.2  |i 2999501  |o 005.133 NYE 1993  |p 2999501  |r 2025-01-20  |w 2019-11-15  |y BK  |k CCI